000 00461nam a2200181Ia 4500
001 3250
005 20260306144907.0
008 260306t2007||||xx |||||||||||||| ||spa||
041 _aESP
082 _a262.91
_bJ81F4 2007
100 _aJuan Pablo II, Papa
_eAUT
245 0 _aCarta encíclica. Fides et ratio:
_bsobre las relaciones entre la fe y la razón
260 _c2007
300 _a
_c
650 _aGEN
654 _aCHU
942 _cLIB
_dJUS
_fJUS
_2ddc
_n
999 _c3250
_d3250